000
00266nam a22001097a 4500
082
_a
621.381548 HER'I
100
_a
HERRICK, C. N
_9
76089
245
_a
INSTRUMENTS AND MEASUREMENTS FOR ELECTRONICS
260
_a
NEWDELHI
_b
TOKYO
_c
1972
300
_a
542P
942
_c
BK
999
_c
582784
_d
582784